00586 2200217 4500001002100000005001500021008004100036020001800077035002500095041000800120082000800128090000800136100002600144245008000170250001600250260004200266300003300308500000800341650001000349990000900359INLIS00000000000256020130515130455 ind  a979-22-1740-1 a0010-051300000002560 aind aFik aFik aWilliam Scott, Wilson aThe Lone Samurai (Kehidupan Miyamoto Musashi)/ penerjemah, Bernard, Hidayat aCetakan : 1 aJakartabGramedia Pustaka Utamac2006 aix, 319 hlm. : ilus. ;20 cm. a315 aFiksi a3042